000 00520nam a2200193Ia 4500
005 20240823031351.0
008 240823s9999||||xx |||||||||||||| ||und||
020 _a81-7808-532-1
041 _aENGLISH
082 _A007.7 P9
100 _a"Halsall,Fred"
245 0 _a"Multimedia Communications : Applications,Nerworks,Procols,and Standards"
250 _a1st
260 _c2009
_bPearson Education Internat
500 _aYES
650 _aMultimedia
_bInformation Technology
942 _cBK
999 _c190897
_d190897